01119cam a22003017a 450000500170000000800410001701000100005801100100006803500100007809000100008810000440009824501610014226000400030330000100034350200850035359000370043859000410047559000410051659000410055759000420059865000160064065000230065665000400067990100070071994900340072694900400076099900170080020251107125754.0971010s1989 r 00010 d a63102 a64074 a69150 aTesis10aZarco Hernández, Jorge Arturo9123708 0aVariabilidad entre parámetros asociados con la calidad panadera del triticaleb: interrelaciones y diferencias entre triticales completos y substituídos aChapingo, Méx. :bEl autor,c1989 a97 h. aTesis (Ing. Agroindustrial) -- UACH. Departamento de Ingeniería Agroindustrial aALEPHb10c20130110lUCH01h1346 aBATCH-UPDb10c20130110lUCH01h1724 aBATCH-UPDb10c20130410lUCH01h1107 aBATCH-UPDb10c20130914lUCH01h1856 aCONVERSIONb10c20130109lUCH01h133414aPan.98504114aTriticale.911519514aTriticalexValor nutritivo.9115230 aBK bIAcTESd-1318eTS1i69150si bIAcTESd-49432eTS2fc.2i69150si c63102d63102